000 00348pab a2200145 454500
008 180718b1984 xxu||||| |||| 00| 0 eng d
100 _aGould, Bryan
245 _aTelevise parliament to revive the chamber
260 _c1984
300 _a243-9
362 _aSummer
650 _aLegislators
773 _aParliamentary Affairs
909 _a12541
999 _c12541
_d12541